MIDDLE LEADERSHIP MASTERY: A TOOLKIT FOR SUBJECT AND PASTORAL LEADERS (Record no. 215771)

MARC details
000 -LEADER
fixed length control field 00524nam a22001697a 4500
008 - FIXED-LENGTH DATA ELEMENTS--GENERAL INFORMATION
fixed length control field 250625b |||||||| |||| 00| 0 eng d
020 ## - INTERNATIONAL STANDARD BOOK NUMBER
International Standard Book Number 978-178583534-6
050 ## - LIBRARY OF CONGRESS CALL NUMBER
Classification number 2831.9 .R 63 2021
100 ## - MAIN ENTRY--PERSONAL NAME
Personal name ROBBINS, ADAM
245 ## - TITLE STATEMENT
Title MIDDLE LEADERSHIP MASTERY: A TOOLKIT FOR SUBJECT AND PASTORAL LEADERS
260 ## - PUBLICATION, DISTRIBUTION, ETC.
Place of publication, distribution, etc. WILLISTON,
Name of publisher, distributor, etc. CROWN HOUSE PUBLISHING LTD,
Date of publication, distribution, etc. 2021,
300 ## - PHYSICAL DESCRIPTION
Extent V, 182P.: ILL
500 ## - GENERAL NOTE
General note INCLUDES BIBLIOGRAPHICAL REFERENCES
650 ## - SUBJECT ADDED ENTRY
Topical term or geographic name entry element LEADERSHIP,
942 ## - ADDED ENTRY ELEMENTS (KOHA)
Source of classification or shelving scheme Library of Congress Classification
Koha item type Long Loan Book
Holdings
Withdrawn status Lost status Source of classification or shelving scheme Damaged status Not for loan Collection Home library Current library Shelving location Date acquired Inventory number Total checkouts Full call number Barcode Date last seen Copy number Price effective from Koha item type Date last checked out
    Library of Congress Classification     Arts & Social Sciences Kisii University Library Kisii University Library On Display 06/25/2025 108561   LB 2831.9 .R63 2021 000000020231 06/25/2025 1 06/25/2025 Long Loan Book  
    Library of Congress Classification     Arts & Social Sciences Kisii University Library Kisii University Library On Display 06/25/2025 108562   LB 2831.9 .R63 2021 000000020230 06/25/2025 2 06/25/2025 Long Loan Book  
    Library of Congress Classification     Arts & Social Sciences Kisii University Library Kisii University Library On Display 02/26/2026 111605 1 LB 2831.9 .R 63 2021 000000017414 03/30/2026 3 02/26/2026 Long Loan Book 03/19/2026
    Library of Congress Classification     Arts & Social Sciences Kisii University Library Kisii University Library On Display 02/26/2026 111606   LB 2831.9 .R 63 2021 000000017420 02/26/2026 4 02/26/2026 Long Loan Book  
    Library of Congress Classification     Arts & Social Sciences Kisii University Library Kisii University Library On Display 02/26/2026 111607   LB 2831.9 .R 63 2021 000000017456 02/26/2026 5 02/26/2026 Long Loan Book  
    Library of Congress Classification     Arts & Social Sciences Kisii University Library Kisii University Library On Display 02/26/2026 111604   LB 2831.9 .R 63 2021 000000017462 02/26/2026 6 02/26/2026 Long Loan Book  
    Library of Congress Classification     Arts & Social Sciences Kisii University Library Kisii University Library On Display 02/26/2026 111603   LB 2831.9 .R 63 2021 000000017450 02/26/2026 7 02/26/2026 Long Loan Book